Development of irrigation in India.

Bibliographic Details
Corporate Author: India. Central Board of Irrigation and Power
Format: Book
Language:English
Published: [New Delhi] : [Govt. of India Press], [1965]
Series:Its Publications, 76
Subjects:

MARC

Tag First Indicator Second Indicator Subfields
LEADER 00000cam a2200000 4500
001 in00000029488
005 20151007061531.0
008 711122s1965 ii ab 00000 eng d
010 |a  72920083  
035 |a (OCoLC)00209354 
035 |9 AAD2361AM 
040 |a DLC  |c DLC  |d TXA  |d UtOrBLW 
043 |a a-ii--- 
049 |a TXAM  |c [471756] 
050 0 0 |a TC903  |b .A25 no. 76 
092 |a 631.7  |b I39d, 1965 
110 1 |a India.  |b Central Board of Irrigation and Power. 
245 1 0 |a Development of irrigation in India. 
264 1 |a [New Delhi] :  |b [Govt. of India Press],  |c [1965] 
300 |a 231 pages :  |b illustrations, maps. 
336 |a text  |b txt  |2 rdacontent 
337 |a unmediated  |b n  |2 rdamedia 
338 |a volume  |b nc  |2 rdacarrier 
490 0 |a Its Publications, 76 
650 0 |a Irrigation  |z India. 
999 |a MARS 
999 f f |s 6587475c-d4bf-33ca-9988-a42b209fad27  |i 4ec7f15f-d885-3e6b-aab5-a80d23b135e2  |t 0 
952 f f |p ric  |a Texas A&M University  |b Rellis Campus  |c Joint Library Facility  |d Remote Storage  |t 0  |e TC903 .A25 no. 76  |h Library of Congress classification  |i unmediated -- volume  |m A14801068121 
998 f f |a TC903 .A25 no. 76  |t 0  |l Remote Storage